| 000 | 00375nam a2200121Ia 4500 | ||
|---|---|---|---|
| 008 | 231129s2009||||xx |||||||||||||| ||spa|| | ||
| 082 | _aDVD 02 HIST-06 | ||
| 100 | _aCirculo Media Direct | ||
| 245 | 0 | _aCrónicas de la II guerra mundial=Crónicas de la segunda guerra mundial: La guerra relámpago (1939-1941) | |
| 260 | _c2009 | ||
| 264 | _a[sin editorial] | ||
| 942 |
_2ddc _cBKS |
||
| 999 |
_c8294 _d8294 |
||